Регионална библиотека "Любен Каравелов" - Русе

Мит и литература (1) (Запис номер 23425)

MARC детайли
000 -Лидер
Контролно поле с фиксирана дължина 01749nam a2200385 c 4500
003 - Код на организацията, давaща контролен номер
Контролно поле BLK
005 - Дата и час на последна редакция
Контролно поле 20250603155303.0
008 - Елементи от данни с фиксирана дължина
fixed length control field 180413b bul|||||r ||||||| ||bul||
010 ## - Наследен системен номер
LC control number KNG00025903000
020 ## - Международен стандартен номер на книга ISBN
Международен стандартен номер на книга ISBN 954-428-175-4
-- издат.: Хемус
040 ## - Източник на каталожния запис
Идентификатор на билиотеката - собственик на записа BLK
041 ## - Код за език
Код за езика на текст/звукозапис или на отделно заглавие Български
Код за езика КДБФ Български
080 ## - УДК
Текстов определител УДК Класическа гръцка литература. Старогръцка литература
УДК код - определител по УДК 821.142
УДК определител .09
УДК - код + определител 821.142.09
100 ## - Редна дума - Автор
Автор Богданов, Богдан Иванов
Дати, свързани с автора 1940 - 2016
Автор - информация (биография) Филолог. Преводач от старогръцки език.
R(LIN) 363777
139 ## - Редно поле
Редна дума Богданов, Богдан Иванов
Авторски знак Бог - Б 54
245 10 - Сведения за заглавието
Заглавие Мит и литература (1)
Подзаглавни данни Проблеми на типологията и поетиката на старогръцката литература до епохата на елинизма
Редно поле (дума) Богдан Иванов Богданов.
250 ## - Област на изданието
Сведения за изданието 2. доп. изд.
257 ## - Страна на издаване
Страна на създаване/издаване България
260 ## - Област на издателските данни
-- София
Име на издателя, разпространителя и проч. Хемус
Година на издаване 1998
Печатница В. Търново : Абагар
300 ## - Физическа характеристика
Страници 304 с.
Размери/Мащаб 20 см
380 ## - Жанр
Жанр Литературознание
500 ## - Общи забележки
Забележка 1. изд. 1985 със загл. Мит и литература на изд. Наука и изкуство. - 2 000 тир.
650 #4 - Допълнително описание по предмет – тема
Основно описание – тема или топоним Старогръцка литература - теми, образи, сюжети
9 (RLIN) 246077
651 #4 - Допълнително описание по предмет - топоним
Географско понятие Древна Гърция
9 (RLIN) 242869
653 ## - Ключова дума – ненормативна
Ключова дума старогръцка литература
653 ## - Ключова дума – ненормативна
Ключова дума критика
653 ## - Ключова дума – ненормативна
Ключова дума теми
653 ## - Ключова дума – ненормативна
Ключова дума образи
852 ## - Местоположение
Форматна сигнатура Цб 198859
856 4# - Електронен адрес и достъп
Електронен формат pdf - файл
Път до файла /url/
856 4# - Електронен адрес и достъп
Електронен формат pdf - файл
Път до файла /url/
942 ## - АРТИКУЛИ
Вид на библиотечния материал Книги
Скрит в OPAC Не
Koha issues (borrowed), all copies 3
944 ## - СЪЗДАВАНЕ И РЕДАКЦИЯ на ЗАПИСА
Създаване/Редакция Създаване
Дата на регистрацията/редакция 15.01.2003
Служител, извършил регистрацията/редакцията 30560
Статус, дата на статуса Геновева Генчева
944 ## - СЪЗДАВАНЕ И РЕДАКЦИЯ на ЗАПИСА
Създаване/Редакция Редакция
Дата на регистрацията/редакция 11.05.2006
Служител, извършил регистрацията/редакцията
999 ## - СИСТЕМНИ КОНТРОЛНИ НОМЕРА
Koha biblionumber 23425
Koha biblioitemnumber 23425
Наличности
Код за отписване Код за изгубен артикул Източник на класификационната схема Код за повреда Коз за рестрикции Код за отдаване Артикулен № Име на библиотеката - собственик Име на библиотеката, в която се намира в момента Статус (Текущо местоположение) Дата на вписване в системата Местоположение - отдел Цена в лева Инвентарен номер Систематично азбучна сигнатура Баркод Номер на екземпляра Цена в евро Служебна бележка Служебен тип на артикула
Изтеглен Не е изгубен Universal Decimal Classification Не е повреден без рестрикции заемане за дома 38718 Регионална библиотека "Любен Каравелов" Русе Регионална библиотека "Любен Каравелов" Русе Заемна - подръчен фонд 2001-01-01 Заемна - подръчен фонд 5.76 644842 П 875/Б 54 644842 1 2.95 Дост: Pk Вид: Ф N: стар фонд Дата: 01.01.1998 Книги
Изтеглен Не е изгубен Universal Decimal Classification Не е повреден без рестрикции заемане за дома 38719 Регионална библиотека "Любен Каравелов" Русе Регионална библиотека "Любен Каравелов" Русе Заемна - подръчен фонд 2001-01-01 Заемна - подръчен фонд 5.76 644843 П 875/Б 54 644843 2 2.95 Дост: Pk Вид: Ф N: стар фон Дата: 01.01.1998 Книги
  Не е изгубен Universal Decimal Classification Не е повреден без рестрикции ползва се в читалня 38720 Регионална библиотека "Любен Каравелов" Русе Регионална библиотека "Любен Каравелов" Русе Читалня 2001-01-01 Читалня 5.76 644844 Ч 821.09/Б 54 Б 120000644844 3 2.95 Дост: Pk Вид: Ф N: стар фонд Дата: 01.01.1998 Дата инв: 29.03.2017 Бележки инв: Ч2017 Книги
  Не е изгубен Universal Decimal Classification Не е повреден без рестрикции ползва се в читалня 38721 Регионална библиотека "Любен Каравелов" Русе Регионална библиотека "Любен Каравелов" Русе Хранилище 2001-01-01 Хранилище 4.80 647237 Цб 198859 120000647237 4 2.45 Дост: Dp Вид: Д N: стар фонд Дата: 01.01.1998 Книги
Vip Innovations Ltd, Rousse, Bulgaria 2025